00449ntaaa2200169 45000030003000000050017000030080021000200400037000410820017000781000019000952450017001142500010001312600050001413000010001915000046002016500032002470120251027202304.00714s1973 ag 01  aAR-BaBNbspacAR-BaBNeaacrdRIC a274.2000 Or7 aOrr, J. Edwin  aCan God ...? a1 ed. aLondon : bMarshall, Morgan and Scott, c1936 a128 p aLa obra evangelística en Gran Bretaña aInglaterra-evangelización